Statistiken für Länder mit den höchsten Steuern

Klicken Sie hier um das Quiz zu spielen!

Allgemein

  • Dieses Quiz wurde 147 mal gespielt
  • Das Durchschnittsergebnis liegt bei 12 aus 15

Antwortstatistiken

HintAntwort% Korrekt
39,7%Deutschland
100%
21,3%Spanien
94%
28,7%Frankreich
92%
23,8%USA
90%
31,4%Italien
88%
25,2%Schweden
86%
23,0%Kanada
80%
17,4%Schweiz
80%
25,2%Polen
79%
39,8%Belgien
78%
22,3%Japan
77%
23,4%Großbritannien
73%
24,6%Australien
71%
10,2%Mexiko
63%
14,9%Südkorea
54%

Verteilung der Resultate

Perzentil nach korrekt beantworteten Fragen

Anzahl Personen mit jedem Resultat

Ihre Resultats-Entwicklung

Sie haben dieses Quiz noch nicht gespielt